|
|
|
|
| LEADER |
01520nam a2200325 a 4500 |
| 001 |
00338176 |
| 003 |
GR-PaULI |
| 008 |
030721s1999 gr 000 0 eng d |
| 020 |
|
|
|a 9603900656
|
| 040 |
|
|
|a GrPaTEI
|b gre
|c GR-PaULI
|
| 082 |
|
0 |
|a 420
|q GR-AtUEB
|q GR-KkTEI
|
| 082 |
|
0 |
|a 428.001 4
|2 21
|q GR-KkTEI
|q GR-LaTEI
|
| 082 |
|
0 |
|a 428.64
|q GR-KkTEI
|
| 100 |
1 |
|
|a Σιβρίδου, Φωτεινή
|
| 245 |
1 |
0 |
|a Basic business english /
|c Fotini Sivridou.
|
| 260 |
|
|
|a Αθήνα :
|b Interbooks,
|c c1999
|
| 300 |
|
|
|a 321 σ. :
|b εικ.(μερικές έγχρ.) ;
|c 24 εκ.
|
| 500 |
|
|
|a Bibliography: p. 320-321.
|5 GR-AtUEB
|5 GR-KkTEI
|
| 504 |
|
|
|a Περιλαμβάνει βιβλιογραφία
|9 GR-KkTEI
|
| 650 |
|
0 |
|a English language
|v Textbooks for foreign speakers
|
| 650 |
|
0 |
|a English language
|x Business english
|
| 650 |
|
4 |
|a ΑΓΓΛΙΚΗ ΓΛΩΣΣΑ
|x ΓΡΑΜΜΑΤΙΚΗ
|x ΔΙΔΑΚΤΙΚΑ ΒΙΒΛΙΑ ΓΙΑ ΞΕΝΟΥΣ
|9 GR-KkTEI
|9 GR-LaTEI
|
| 650 |
|
4 |
|a ΑΓΓΛΙΚΗ ΓΛΩΣΣΑ
|x ΕΠΙΧΕΙΡΗΣΙΑΚΑ ΑΓΓΛΙΚΑ
|9 GR-KkTEI
|9 GR-LaTEI
|
| 650 |
|
4 |
|a ΑΓΓΛΙΚΗ ΓΛΩΣΣΑ
|x ΟΡΟΛΟΓΙΑ
|9 GR-KkTEI
|9 GR-LaTEI
|
| 650 |
|
7 |
|a English language
|2 mipfesd
|
| 710 |
|
|
|a Interbooks
|
| 942 |
|
|
|2 ddc
|
| 952 |
|
|
|0 0
|1 0
|2 ddc
|4 0
|6 428_000000000000000_ΣΙΒ
|7 1
|9 255660
|a LISK
|b LISK
|c EUD
|d 2021-01-17
|e 24
|f 0
|g 0.00
|l 0
|o 428 ΣΙΒ
|p 99241000065237
|r 2021-01-17 00:00:00
|t 1
|w 2021-01-17
|y BKN
|x Purchase/Donation Number
|x General Note
|x GrPaTEI
|
| 971 |
|
|
|a .b23327261
|b 07-10-20
|c 15-09-15
|
| 999 |
|
|
|c 149973
|d 149973
|